<?xml version="1.0" encoding="UTF-8"?>
<record
    xmlns:xsi="http://www.w3.org/2001/XMLSchema-instance"
    xsi:schemaLocation="http://www.loc.gov/MARC21/slim http://www.loc.gov/standards/marcxml/schema/MARC21slim.xsd"
    xmlns="http://www.loc.gov/MARC21/slim">

  <leader>00384nam a2200145 a 4500</leader>
  <controlfield tag="005">20140513081056.0</controlfield>
  <controlfield tag="008">070202s19uu    xx            00    eng d</controlfield>
  <datafield tag="050" ind1=" " ind2=" ">
    <subfield code="a">P</subfield>
    <subfield code="b">OUR 2001</subfield>
  </datafield>
  <datafield tag="245" ind1=" " ind2=" ">
    <subfield code="a">Pangunahing pangangailangannatin(Mga)= :</subfield>
    <subfield code="b">Our basic needs.</subfield>
  </datafield>
  <datafield tag="260" ind1=" " ind2=" ">
    <subfield code="b">Mabuhay Educational,</subfield>
    <subfield code="c">2001.</subfield>
  </datafield>
  <datafield tag="440" ind1=" " ind2=" ">
    <subfield code="a">Teacher's choice</subfield>
  </datafield>
  <datafield tag="650" ind1=" " ind2=" ">
    <subfield code="a">Needs-</subfield>
  </datafield>
  <datafield tag="999" ind1=" " ind2=" ">
    <subfield code="c">116518</subfield>
    <subfield code="d">116518</subfield>
  </datafield>
  <datafield tag="952" ind1=" " ind2=" ">
    <subfield code="0">0</subfield>
    <subfield code="1">0</subfield>
    <subfield code="4">0</subfield>
    <subfield code="a">EL</subfield>
    <subfield code="b">EL</subfield>
    <subfield code="c">KIT</subfield>
    <subfield code="d">2007-02-02</subfield>
    <subfield code="e">Lib. Fund</subfield>
    <subfield code="g">19.25</subfield>
    <subfield code="l">0</subfield>
    <subfield code="o">P OUR 2001</subfield>
    <subfield code="p">E607</subfield>
    <subfield code="r">2014-05-13 00:00:00</subfield>
    <subfield code="w">2014-05-13</subfield>
    <subfield code="y">KIT</subfield>
  </datafield>
  <datafield tag="952" ind1=" " ind2=" ">
    <subfield code="0">0</subfield>
    <subfield code="1">0</subfield>
    <subfield code="4">0</subfield>
    <subfield code="a">EL</subfield>
    <subfield code="b">EL</subfield>
    <subfield code="c">KIT</subfield>
    <subfield code="d">2013-06-20</subfield>
    <subfield code="e">Lib. Fund</subfield>
    <subfield code="g">19.25</subfield>
    <subfield code="l">0</subfield>
    <subfield code="o">P OUR 2001</subfield>
    <subfield code="p">E606</subfield>
    <subfield code="r">2014-05-13 00:00:00</subfield>
    <subfield code="w">2014-05-13</subfield>
    <subfield code="y">KIT</subfield>
  </datafield>
</record>
